| 000 | 00740cam a2200205 4500 | ||
|---|---|---|---|
| 001 | WB3624-21 | ||
| 008 | 000000n2000 000 0 eng u | ||
| 035 | _a(Sirsi) u106620 | ||
| 245 | _aTimetable for business rates appeals | ||
| 260 | _c2000 | ||
| 490 |
_aValuation Office Press Release _v 16 June 2000, (2) |
||
| 520 | _aThe VOA has made changes to the ways it deals with the administration of appeals. Business ratepayers who have made appeals against their rating assessment since 1 April can now find out when the VOA plans to consider their appeal. | ||
| 590 | _aWB | ||
| 650 | _aVOA | ||
| 650 | _aRATING ASSESSMENTS | ||
| 650 | _aBUSINESS RATES | ||
| 650 | _aAPPEALS | ||
| 690 | _aRATING AND LOCAL TAXATION | ||
| 942 | _n0 | ||
| 999 |
_c63844 _d63844 |
||